000 02459cam a22003257i 4500
001 6227
003 FISKH
005 20250402104723.0
008 131022s2014 nyu 000 0 eng
010 _a 2013953111
020 _a9781938704017 (alk. paper)
020 _a9780975687802
040 _aDLC
_beng
_erda
_cDLC
050 _aBJ1611 .W37
082 _a650.1
100 1 _aWattles, W. D.,
_d1860-1911,
_eauthor.
245 1 4 _aThe science of getting rich :
_bA simple way to create wealth and happiness in your life /
_cWallace D. Wattles.
250 _aFirst edition.
260 _aQueensland :
_bJoshua Book,
_c2004.
300 _a128 pages :
_c22 cm
336 _atext
_btxt
_2rdacontent
337 _aunmediated
_bn
_2rdamedia
338 _avolume
_bnc
_2rdacarrier
500 _aMinimal Level Cataloging Plus.
_5DLC
520 _aThis edition of Wattles' classic faithfully reproduces the author's complete text as originally published in 1910. A new introduction by popular voice of esoteric ideas Mitch Horowitz contextualizes the historical background of the author and his pioneering publisher Elizabeth Towne. Mitch's Afternotes following each chapter amplify Wattles' methods and provide powerful exercises and insights, including how to remove hidden blocks; experiments in "retro causality;" receiving results through "established channels;" getting in touch with your most authentic desires, and ways to maintain a consistent mindset. Wattles' classic text teaches you: - How ideas shape the physical world. - Why creativity matters more than competition. - Why one passionately felt aim is the foundation of all achievement. - How your mental powers and practical abilities work together. - How to think in a "Certain Way" to guarantee success. - How the formless creative matter of life is acted on by your intelligence. "The law of the Increase of Life," Wattles writes, "is as mathematically certain in its operation as the law of gravitation; getting rich is an exact science." In his brief yet seismically powerful volume, Wattles distills his insights-with the added benefits of the historical background and exercises found in this Maple Spring edition. If you are new to The Science of Getting Rich or if you're revisiting it for a refresher, here is the signature volume to experience.
650 0 _aSuccess in business.
906 _a7
_bcbc
_corignew
_d4
_eepcn
_f20
_gy-gencatlg
942 _2ddc
_cBK
_n0
999 _c6227
_d6227